Statistiques concernant Culture Générale - Série 1543

Cliquez ici pour prendre le quiz!

Statistiques générales

  • Ce quiz a été pris 58 fois
  • Le résultat moyen est 6 sur 10

Statistiques - réponses

QuestionRéponse% Correct
A quel sculpteur français doit-on les oeuvres "Le Baiser" et "Le Penseur" ?Auguste Rodin
96%
Dans quel océan se trouve l'archipel des Comores ?océan Indien
95%
Qui a inventé une calculatrice mécanique appelée machine d'arithmétique, puis pascaline, en 1642 ?Blaise Pascal
93%
Depuis 1946, dans quel pays européen se situe le siège général d'Interpol ?France
89%
Comment appelle-t-on l'homme chargé de l'écriture des textes officiels dans l'Égypte antique ?scribe
87%
Compléter les paroles de cette chanson de Joe Dassin : "Elle m'a dit d'aller siffler là-haut sur la colline, de l'attendre avec un petit bouquet...d'églantines
75%
Quel nom français porte le courant philosophique qui domine la pensée européenne au 18e siècle, et qui est appelé "Aufklärung" en Allemagne ?Les Lumières
49%
Dans quelle pièce de Molière trouve-t-on le personnage de Célimène ?Le Misanthrope
29%
Quelle espèce de champignon est la coulemelle ?lépiote
13%
De quelle chanson, rendue célèbre par Rina Ketty en 1938, Dalida fait-elle un tube en 1975 ?J'attendrai
13%

Distribution des résultats

Percentile par nombre de réponses

% des personnes avec chaque résultat

Votre développement - résultats

Vous n’avez pas pris ce quiz